| 000 | 00846cam a2200217u 4500 | ||
|---|---|---|---|
| 001 | 000019874 | ||
| 005 | 20200929170155.0 | ||
| 008 | 810917m19231957cu c 000 0 spa | ||
| 010 | _a25007518 | ||
| 040 |
_aDO-SdBNP _cCarP _dDLC |
||
| 050 | 0 | 0 |
_aPQ7389.D4 _bZ55 |
| 100 | 2 |
_aFigarola-Caneda, Domingo, _d1852-1926, [from old catalog] _eed. _942402 |
|
| 245 | 1 | 0 | _aCenton epistolario de Domingo del Monte,. |
| 260 |
_aHabana, : _bImprenta "El Siglo XX,", _c1923-57. |
||
| 300 |
_av. : _bports. ; _c29 cm. |
||
| 600 | 2 | 0 |
_aDelmonte y Aponte, Domingo, _d1804-1853. [from old catalog] _942403 |
| 700 | 2 |
_aLlaverias y Martinez, Joaquin, _d1875- [from old catalog] _eed. _942404 |
|
| 700 | 2 |
_aMesa Rodriguez, Manuel Isafos, _d1844- [from old catalog] _eed. _942405 |
|
| 710 | 2 |
_aAcademia de la Historia de Cuba. _94600 |
|
| 910 | _aCatalogación derivada / LC | ||
| 999 |
_c19387 _d19387 |
||